000 00322nam a22001457a 4500
008 190205b xxu||||| |||| 00| 0 eng d
020 _a0135019664
041 _aeng
080 _a338
082 _a338
100 _a54
101 _aMEN
245 _aIntroductory management science
_cEppen G.D
942 _2udc
_cBK
999 _c53990
_d53990